| 000 | 06713cam a22020174i 4500 | ||
|---|---|---|---|
| 003 | PE-LiUPU | ||
| 005 | 20250813165830.0 | ||
| 008 | 140709s2010 sp rb 000 0 spa d | ||
| 020 | _a8445820370 | ||
| 020 | _a9788445820377 | ||
| 035 | _a(Sirsi) i9788445820377 | ||
| 040 |
_aPE-LiUPU _bspa _cPE-LiUPU _dPE-LiUPU _erda |
||
| 041 | 1 |
_aspa _heng |
|
| 082 | 0 | 4 |
_a616.8524 _bM2 _220 |
| 082 | 0 | 4 |
_a616.8524 _bD77 _220 |
| 100 | 1 |
_aDimsdale, Joel E. _eautor. |
|
| 245 | 1 | 0 |
_aManifestaciones somáticas de los trastornos mentales : _bperfeccionamiento de la agenda de investigación para el DSM-V / _cJoel E. Dimsdale [y otros veinticinco]. |
| 264 | 1 |
_aBarcelona : _bMasson, _c2010. |
|
| 300 |
_a169 páginas ; _c24 centímetros. |
||
| 336 |
_atext _btxt _2rdacontent |
||
| 337 |
_aunmediated _bn _2rdamedia |
||
| 338 |
_avolume _bnc _2rdacarrier |
||
| 504 | _aBibliografía al final de cada capítulo. | ||
| 504 | _aÍndice: páginas 161-169. | ||
| 505 | 0 | _aEvolución del diagnóstico psicosomático en el DSM -- Epidemiología de la asociación entre los trastornos somatomorfos y los trastornos de ansiedad y depresivos -- Asociaciones de los síndromes somáticos funcionales -- Modelos culturales y síndromes somáticos -- Influencia de los factores culturales y sociales sobre la epidemiología de los síntomas y síndromes somáticos idiopáticos -- ¿Cambian con el tiempo los trastornos somatomorfos? -- Un sustrato biológico para los trastornos somatomorfos -- Trastornos somatomorfos y trastornos relacionados con sustancias -- Estabilidad de los síntomas somatomorfos -- ¿Qué pruebas hay sobre la eficacia de los tratamientos en los trastornos somatomorfos? -- ¿Los trastornos de, los trastornos mentales son también eficaces para los síntomas y trastornos funcionales? -- Eficacia del tratamiento de los trastornos somatomorfos -- pruebas de la eficacia de los tratamientos de, los trastornos somatomorfos. | |
| 526 | _aP203 | ||
| 526 | _aP200 | ||
| 526 | _aSEG65 | ||
| 526 | _aSEG64 | ||
| 526 | _aSEG63 | ||
| 526 | _aSEG62 | ||
| 526 | _aSEG61 | ||
| 526 | _aSEG60 | ||
| 526 | _aSEG59 | ||
| 526 | _aSEG58 | ||
| 526 | _aSEG57 | ||
| 526 | _aSEG56 | ||
| 526 | _aSEG55 | ||
| 526 | _aSEG54 | ||
| 526 | _aSEG53 | ||
| 526 | _aSEG52 | ||
| 526 | _aSEG51 | ||
| 526 | _aSEG50 | ||
| 526 | _aSEG49 | ||
| 526 | _aSEG48 | ||
| 526 | _aSEG47 | ||
| 526 | _aSEG46 | ||
| 526 | _aSEG24 | ||
| 526 | _aSEG23 | ||
| 526 | _aSEG22 | ||
| 526 | _aSEG21 | ||
| 526 | _aSEG20 | ||
| 526 | _aSEG19 | ||
| 526 | _aSEG18 | ||
| 526 | _aSEG17 | ||
| 526 | _aSEG16 | ||
| 526 | _aSEG14 | ||
| 526 | _aSEG13 | ||
| 526 | _aSEG12 | ||
| 526 | _aSEG11 | ||
| 526 | _aSEG10 | ||
| 526 | _aSEG09 | ||
| 526 | _aSEG06 | ||
| 526 | _aSEG05 | ||
| 526 | _aSEG04 | ||
| 526 | _aSEG03 | ||
| 526 | _aSEG02 | ||
| 526 | _aSEG68 | ||
| 526 | _aSEG66 | ||
| 526 | _aSEG45 | ||
| 526 | _aSEG25 | ||
| 526 | _aSEG01 | ||
| 526 | _aP163 | ||
| 526 | _aP162 | ||
| 526 | _aP161 | ||
| 526 | _aP160 | ||
| 526 | _aP159 | ||
| 526 | _aP158 | ||
| 526 | _aP157 | ||
| 526 | _aP156 | ||
| 526 | _aP155 | ||
| 526 | _aP154 | ||
| 526 | _aP153 | ||
| 526 | _aP152 | ||
| 526 | _aP151 | ||
| 526 | _aP150 | ||
| 526 | _aP149 | ||
| 526 | _aP142 | ||
| 526 | _aP141 | ||
| 526 | _aP140 | ||
| 526 | _aP139 | ||
| 526 | _aP138 | ||
| 526 | _aP137 | ||
| 526 | _aP132 | ||
| 526 | _aP131 | ||
| 526 | _aP130 | ||
| 526 | _aP126 | ||
| 526 | _aP125 | ||
| 526 | _aP124 | ||
| 526 | _aP123 | ||
| 526 | _aP115 | ||
| 526 | _aP122 | ||
| 526 | _aP121 | ||
| 526 | _aP116 | ||
| 526 | _a P114 | ||
| 526 | _aP112 | ||
| 526 | _aP111 | ||
| 526 | _aP104 | ||
| 526 | _aP103 | ||
| 526 | _aP102 | ||
| 526 | _aP101 | ||
| 526 | _aP100 | ||
| 526 | _aP96 | ||
| 526 | _aP95 | ||
| 526 | _aP93 | ||
| 526 | _aP92 | ||
| 526 | _aP91 | ||
| 526 | _aP88 | ||
| 526 | _aP83 | ||
| 526 | _aP82 | ||
| 526 | _aP79 | ||
| 526 | _aP78 | ||
| 526 | _aP75 | ||
| 526 | _aP74 | ||
| 526 | _aP71 | ||
| 526 | _aP69 | ||
| 526 | _a P51 | ||
| 526 | _aP49 | ||
| 526 | _aP48 | ||
| 526 | _aP47 | ||
| 526 | _aP33 | ||
| 526 | _aP31 | ||
| 526 | _a P30 | ||
| 526 | _aP29 | ||
| 526 | _aP27 | ||
| 526 | _aP26 | ||
| 526 | _aP25 | ||
| 526 | _aP24 | ||
| 526 | _a P22 | ||
| 526 | _aP10 | ||
| 526 | _aP09 | ||
| 526 | _a P08 | ||
| 526 | _aP06 | ||
| 526 | _aP05 | ||
| 526 | _aP04 | ||
| 526 | _aP01 | ||
| 534 |
_aTítulo original : _tSomatic presentations of mental disorders : refining the research agenda for DSM-V. |
||
| 541 | _gF002-00000789; | ||
| 650 | 1 | 4 | _aTrastornos somatomorfos. |
| 650 | 1 | 4 | _aMedicina psicosomática. |
| 650 | 1 | 4 |
_aTrastornos psicofisiológicos _xDiagnóstico _vObras Completas. |
| 650 | 1 | 4 |
_aTrastornos somatomorfos _xDiagnóstico _vObras Completas. |
| 650 | 1 | 4 |
_aTrastornos psicofisiológicos _xPsicología _vObras Completas. |
| 710 | _aAmerican Psychiatric Association | ||
| 910 |
_agl20110908 _cbd |
||
| 910 |
_adbm _bsag _csag _d20190206 |
||
| 942 |
_2ddc _cBOOK |
||
| 949 |
_a616.8524 D77 _i63652 _lCCODEBUL1 _mBUL _tLIBRO _o.STAFF. Colección Ciencias de la Salud |
||
| 949 |
_a616.8524 D77 _i70233 _lCCODEBUL1 _mBUL _tLIBRO _o.STAFF. Colección Ciencias de la Salud |
||
| 949 |
_a616.891 D77 2010 _i1009312 _lCCODEBUL1 _mBC-J _tLIBRO _o.STAFF. Colección Ciencias de la Salud |
||
| 949 |
_a616.891 D77 2010 _wDEWEY _c1 _iFJ06975 _lCCODEBUJ1 _mBUJ _p90.00 _r0 _sY _tBOOK _u2017-10-25 _xSALUD _PP22 _0COMPRA _o.STAFF -- Colección General Juliaca |
||
| 596 | _a1 3 | ||
| 999 |
_a616.8524 D77 _wDEWEY _c52559 _i63652 _d52559 _e2019-6-12 _f2021-11-4 _g5 _lCCODEBUL1 _mBUL _n4 _p202.00 _q5 _r0 _sY _tBOOK _u2015-7-6 _xSALUD _zP33 _0COMPRA _o.STAFF. Colección Ciencias de la Salud |
||
| 999 |
_a616.8524 D77 _wDEWEY _c2 _i70233 _d2018-8-13 _e2018-5-25 _f2021-11-4 _g5 _lCCODEBUL1 _mBUL _n8 _p99.00 _q2 _r0 _sY _tBOOK _u2015-7-24 _xSALUD _zP33 _0COMPRA _o.STAFF. Colección Ciencias de la Salud |
||
| 999 |
_a616.8524 D77 _wDEWEY _c3 _i79950 _d2019-6-6 _f2021-11-4 _g3 _lCCODEBUL1 _mBUL _p83.11 _q1 _r0 _sY _tBOOK _u2019-2-7 _xSALUD _zP33 _0COMPRA _1FCOMPR2 _o.STAFF. Colección Ciencias de la Salud |
||
| 999 |
_a616.891 D77 2010 _wDEWEY _c1 _iFJ06975 _d2018-5-22 _e2018-5-9 _f2022-1-25 _g4 _lCCODEBUJ1 _mBUJ _n1 _p90.00 _q5 _r0 _sY _tBOOK _u2015-7-24 _xSALUD _zP33 _0COMPRA _o.STAFF. Colección General Juliaca |
||
| 980 |
_81 _gALBERTO SANCHEZ Responsable de Automatización |
||